[Event "Valladolid Piolin op"]
[Site "Valladolid"]
[Date "2013.05.05"]
[Round "9"]
[White "Gamboa Torres, Luis Alejandro"]
[Black "Loza Matovelle, David"]
[Result "1/2-1/2"]
[WhiteElo "1836"]
[BlackElo "1951"]
[PlyCount "98"]
[EventDate "2013.03.10"]
[EventType "swiss"]
[EventRounds "11"]
[EventCountry "ESP"]
[SourceTitle "EXT 2014"]
[Source "ChessBase"]
[SourceDate "2013.11.20"]
[SourceVersion "1"]
[SourceVersionDate "2013.11.20"]
[SourceQuality "1"]

1. Nf3 Nf6 2. c4 e6 3. Nc3 Bb4 4. Qc2 0-0 5. d4 d6 6. Bd2 Nbd7 7. a3 Bxc3 8. Bxc3 Qe7 9. e3 e5 10. 0-0-0 a5 11. h4 Re8 12. Rg1 e4 13. Ng5 h6 14. Nh3 Nb6 15. Nf4 Bg4 16. Be2 Bxe2 17. Qxe2 Na4 18. Qc2 Nxc3 19. Qxc3 c6 20. g4 Nd7 21. g5 Kh7 22. gxh6 gxh6 23. Qc2 Rg8 24. f3 f5 25. d5 Rxg1 26. Rxg1 Rg8 27. Rxg8 Kxg8 28. Ne6 Nf6 29. Qg2+ Kh7 30. Qh3 cxd5 31. Qxf5+ Kh8 32. cxd5 exf3 33. Qxf3 Qf7 34. Qf5 Kg8 35. e4 b6 36. Qf4 Kh7 37. Qf5+ Kg8 38. Qf4 Kh7 39. Nd4 Qg6 40. Nf5 Qg1+ 41. Kc2 Qg2+ 42. Kb3 a4+ 43. Ka2 Nxe4 44. Qxh6+ Kg8 45. Qe6+ Kf8 46. Qe7+ Kg8 47. Nh6+ Kh8 48. Nf7+ Kg8 49. Nh6+ Kh8 1/2-1/2

[Event "Valladolid Piolin op"]
[Site "Valladolid"]
[Date "2013.04.14"]
[Round "6"]
[White "Martin De Aguilera del Amo, Jaim"]
[Black "Loza Matovelle, David"]
[Result "0-1"]
[WhiteElo "1693"]
[BlackElo "1951"]
[PlyCount "178"]
[EventDate "2013.03.10"]
[EventType "swiss"]
[EventRounds "11"]
[EventCountry "ESP"]
[SourceTitle "EXT 2014"]
[Source "ChessBase"]
[SourceDate "2013.11.20"]
[SourceVersion "1"]
[SourceVersionDate "2013.11.20"]
[SourceQuality "1"]

1. e4 d5 2. exd5 Qxd5 3. Nc3 Qd6 4. d3 Nf6 5. Be2 Nc6 6. Nf3 a6 7. 0-0 Bf5 8. h3 0-0-0 9. Be3 e5 10. a3 e4 11. Ng5 Qe7 12. Bg4 Bxg4 13. hxg4 exd3 14. cxd3 Ne5 15. Qb3 h6 16. Nge4 Nxd3 17. Nxf6 Qxf6 18. Rad1 Nc5 19. Rxd8+ Qxd8 20. Qxf7 Qd7 21. Qc4 Qe6 22. Qd4 Bd6 23. Re1 Rd8 24. Qxg7 Rg8 25. Qd4 Rxg4 26. Qd1 Qg8 27. Qf3 Nd7 28. Bxh6 Rh4 29. Qe3 Bh2+ 30. Kf1 Qc4+ 31. Re2 Be5 32. g3 Rh1+ 33. Kg2 Qc6+ 34. Ne4 Qxh6 35. Qxh6 Rxh6 36. Ng5 Rb6 37. b4 c5 38. bxc5 Rb2 39. Re3 Bf6 40. Re8+ Kc7 41. Ne6+ Kc6 42. Rc8+ Kd5 43. Nf4+ Ke4 44. c6 bxc6 45. Rxc6 Rb6 46. Rc4+ Kf5 47. Nd5 Rd6 48. Ne3+ Kg6 49. f4 Nb6 50. Re4 Nd5 51. Nxd5 Rxd5 52. Re6 Ra5 53. g4 Kf7 54. Re3 Bb2 55. Rb3 Bxa3 56. Rb6 Bc5 57. Rc6 Be3 58. Kf3 Bd2 59. Rd6 Ra3+ 60. Ke4 Ra4+ 61. Kf5 Bxf4 62. Rd7+ Ke8 63. Rh7 Bd6 64. g5 Kf8 65. Ra7 Bc5 66. Rc7 Be3 67. Rc8+ Kg7 68. Rc7+ Kf8 69. Rc8+ Ke7 70. Rc7+ Kd6 71. Rh7 Ra5+ 72. Ke4 Bxg5 73. Kd4 Ra4+ 74. Kc3 Bf6+ 75. Kb3 Ra1 76. Kc4 a5 77. Ra7 Bd8 78. Ra6+ Ke5 79. Kb5 Rb1+ 80. Ka4 Rb4+ 81. Ka3 Rd4 82. Ra8 Ke4 83. Ra6 Be7+ 84. Kb3 Bb4 85. Re6+ Kd3 86. Ra6 Kd2 87. Rh6 Rd3+ 88. Kb2 Bc3+ 89. Kb3 Bg7+ 0-1

[Event "Valladolid Aficionados op 3rd"]
[Site "Valladolid"]
[Date "2012.08.04"]
[Round "3"]
[White "Loza Matovelle, David"]
[Black "Olmedo Cerrato, Javier"]
[Result "1-0"]
[WhiteElo "1981"]
[BlackElo "1462"]
[PlyCount "89"]
[EventDate "2012.08.03"]
[EventType "swiss"]
[EventRounds "7"]
[EventCountry "ESP"]
[SourceTitle "EXT 2014"]
[Source "ChessBase"]
[SourceDate "2013.11.20"]
[SourceVersion "1"]
[SourceVersionDate "2013.11.20"]
[SourceQuality "1"]

1. d4 Nf6 2. Nc3 d5 3. Bg5 Nbd7 4. f3 e6 5. e4 h6 6. Be3 dxe4 7. fxe4 Bb4 8. Bd3 Bxc3+ 9. bxc3 Nxe4 10. Ne2 0-0 11. 0-0 Ndf6 12. Rf4 Qd5 13. c4 Qc6 14. c3 b6 15. Qc2 Bb7 16. d5 exd5 17. Nd4 Qd7 18. cxd5 Qxd5 19. Nf5 Rfe8 20. Bd4 Rad8 21. Rd1 Nc5 22. c4 Qe6 23. Nxh6+ Kf8 24. Bf5 Qe2 25. Qxe2 Rxe2 26. Bxc5+ bxc5 27. Rxd8+ Ke7 28. Rb8 Rxg2+ 29. Kf1 Bc6 30. Bh3 Rxh2 31. Nf5+ Kd7 32. Nxg7+ Rxh3 33. Rxf6 Rh1+ 34. Ke2 Rh2+ 35. Rf2 Rxf2+ 36. Kxf2 Be4 37. Ke3 f5 38. Nh5 Kd6 39. Nf4 Ke5 40. Re8+ Kd6 41. Re6+ Kd7 42. Ra6 Bb7 43. Rxa7 Kc6 44. Nd5 Bc8 45. Rxc7+ 1-0

[Event "Valladolid Aficionados op 3rd"]
[Site "Valladolid"]
[Date "2012.08.03"]
[Round "2"]
[White "Galan Martin, Miguel Angel"]
[Black "Loza Matovelle, David"]
[Result "1/2-1/2"]
[WhiteElo "1752"]
[BlackElo "1981"]
[PlyCount "20"]
[EventDate "2012.08.03"]
[EventType "swiss"]
[EventRounds "7"]
[EventCountry "ESP"]
[SourceTitle "EXT 2014"]
[Source "ChessBase"]
[SourceDate "2013.11.20"]
[SourceVersion "1"]
[SourceVersionDate "2013.11.20"]
[SourceQuality "1"]

1. Nf3 Nf6 2. b3 d5 3. Bb2 Bg4 4. e3 Nbd7 5. Be2 e6 6. 0-0 Bd6 7. d3 0-0 8. Nbd2 e5 9. e4 Bxf3 10. Bxf3 c6 1/2-1/2

[Event "Valladolid Social Federado Piolin"]
[Site "Valladolid"]
[Date "2012.06.18"]
[Round "11.8"]
[White "Loza Matovelle, David"]
[Black "Garcia Corada, Pedro"]
[Result "1/2-1/2"]
[WhiteElo "1981"]
[BlackElo "2027"]
[PlyCount "79"]
[EventDate "2012.05.14"]
[EventType "tourn"]
[EventRounds "17"]
[EventCountry "ESP"]
[SourceTitle "EXT 2024"]
[Source "ChessBase"]
[SourceDate "2023.10.10"]
[SourceVersion "1"]
[SourceVersionDate "2023.10.10"]
[SourceQuality "1"]

1. e4 c6 2. d4 d5 3. e5 Bf5 4. g4 Bd7 5. Nc3 Qb6 6. g5 e6 7. a3 c5 8. Be3 cxd4 9. Bxd4 Bc5 10. Bxc5 Qxc5 11. Nf3 Ne7 12. Qd4 Qxd4 13. Nxd4 Nbc6 14. Nxc6 bxc6 15. f4 Ng6 16. Ne2 h6 17. gxh6 Rxh6 18. Kf2 c5 19. Kg3 Rb8 20. b3 Ne7 21. Bh3 a5 22. Rhb1 Bb5 23. Nc3 Bc6 24. Na4 c4 25. Nc5 c3 26. b4 axb4 27. Rxb4 Rxb4 28. axb4 Ng6 29. Ra6 Bb5 30. Ra3 Nxf4 31. Bg4 Ng6 32. Nb7 Bd7 33. Rxc3 Nxe5 34. Be2 Nc6 35. b5 Nd4 36. Bd3 e5 37. Rc5 Rb6 38. Na5 Bxb5 39. Rxd5 Bxd3 40. Rxe5+ 1/2-1/2

[Event "Valladolid Social Federado Piolin"]
[Site "Valladolid"]
[Date "2012.06.04"]
[Round "7.9"]
[White "Gago Gonzalves, Jose Fernando"]
[Black "Loza Matovelle, David"]
[Result "0-1"]
[WhiteElo "1664"]
[BlackElo "1981"]
[PlyCount "28"]
[EventDate "2012.05.14"]
[EventType "tourn"]
[EventRounds "17"]
[EventCountry "ESP"]
[SourceTitle "EXT 2024"]
[Source "ChessBase"]
[SourceDate "2023.10.10"]
[SourceVersion "1"]
[SourceVersionDate "2023.10.10"]
[SourceQuality "1"]

1. d4 Nf6 2. c4 e5 3. dxe5 Ng4 4. Nc3 Bc5 5. e3 Nxe5 6. Nf3 Nbc6 7. Be2 0-0 8. 0-0 a5 9. Nd5 Nxf3+ 10. Bxf3 Ne5 11. Qc2 Nxf3+ 12. gxf3 Ra6 13. Qe4 Re8 14. Qg4 Rg6 0-1

[Event "Valladolid Social Federado Piolin"]
[Site "Valladolid"]
[Date "2012.05.28"]
[Round "5.8"]
[White "Gamboa Torres, Luis Alejandro"]
[Black "Loza Matovelle, David"]
[Result "1/2-1/2"]
[WhiteElo "1804"]
[BlackElo "1981"]
[PlyCount "129"]
[EventDate "2012.05.14"]
[EventType "tourn"]
[EventRounds "17"]
[EventCountry "ESP"]
[SourceTitle "EXT 2024"]
[Source "ChessBase"]
[SourceDate "2023.10.10"]
[SourceVersion "1"]
[SourceVersionDate "2023.10.10"]
[SourceQuality "1"]

1. e4 d5 2. exd5 Qxd5 3. Nc3 Qd6 4. Be2 Nf6 5. Nf3 a6 6. d4 Bf5 7. Bg5 Nc6 8. Qd2 0-0-0 9. 0-0-0 e6 10. a3 h6 11. Bf4 Qd7 12. h3 Bd6 13. Ne5 Bxe5 14. dxe5 Qxd2+ 15. Rxd2 Ne4 16. Nxe4 Bxe4 17. f3 Rxd2 18. Bxd2 Bg6 19. Bc3 Ne7 20. g4 Nd5 21. Bd2 h5 22. h4 Ne7 23. Bg5 Nc6 24. Bf4 Nd4 25. Bd1 Bxc2 26. Bxc2 Ne2+ 27. Kd2 Nxf4 28. Ke3 Nd5+ 29. Ke4 g6 30. Bb3 c6 31. Bxd5 cxd5+ 32. Kf4 Kd7 33. Kg5 hxg4 34. fxg4 Ke7 35. Rc1 Rd8 36. h5 gxh5 37. gxh5 d4 38. h6 Kf8 39. Kf6 Kg8 40. Rg1+ Kh7 41. Kxf7 d3 42. Kxe6 d2 43. Rd1 Kxh6 44. Ke7 Rd3 45. e6 Kg6 46. Ke8 Kf5 47. e7 Ke6 48. Kf8 Rf3+ 49. Ke8 Rh3 50. Kd8 Rd3+ 51. Kc8 Kxe7 52. Kxb7 Rb3+ 53. Kxa6 Rxb2 54. a4 Kd6 55. a5 Kc6 56. Ka7 Rb7+ 57. Ka6 Rd7 58. Rc1+ Kd5 59. Rd1 Kc5 60. Rc1+ Kd4 61. Rd1 Kc3 62. Kb6 Kc2 63. Rxd2+ Kxd2 64. a6 Rd6+ 65. Kb7 1/2-1/2

[Event "Valladolid op"]
[Site "Valladolid"]
[Date "2012.02.23"]
[Round "2"]
[White "Loza Matovelle, David"]
[Black "Costache, Bogdan Alexandru"]
[Result "1-0"]
[WhiteElo "1976"]
[BlackElo "1480"]
[PlyCount "27"]
[EventDate "2012.02.16"]
[EventType "swiss"]
[EventRounds "7"]
[EventCountry "ESP"]
[SourceTitle "EXT 2014"]
[Source "ChessBase"]
[SourceDate "2013.11.20"]
[SourceVersion "1"]
[SourceVersionDate "2013.11.20"]
[SourceQuality "1"]

1. d4 Nf6 2. Nc3 e6 3. e4 d5 4. Bg5 Be7 5. e5 Nfd7 6. h4 Bxg5 7. hxg5 Qxg5 8. Nh3 Qe7 9. Qd2 c5 10. Nb5 Qd8 11. Nd6+ Kf8 12. Ng5 Qc7 13. Ndxf7 Rg8 14. Nxe6+ 1-0